000 00627nam a2200241Ia 4500
003 OSt
005 20220918192526.0
006 a|||||r|||| 00| 0
007 ta
008 220917b |||||||| |||| 00| 0 eng d
024 _a68,830
037 _cTextual
040 _aARTS
_cARTS
_beng
041 _2eng
_aeng
082 _aR3, L81
100 _aVarma Ved Prakash
_979330
245 0 _aSome contemporary meta-ethical theories
260 _aDelhi
_bUniv of Delhi
_c1978
300 _axi,242p.
_ccm.
500 _aBib 235-42p
942 _hR3, L81
_cTEXL
_2CC
999 _c195001
_d195001